| 000 | 00866nam a2200265 i 4500 | ||
|---|---|---|---|
| 001 | 000029055 | ||
| 003 | DO-SdBNP | ||
| 005 | 20230613095558.0 | ||
| 007 | ta | ||
| 008 | 110413s2022 dr 000 0 spa d | ||
| 020 | _a9789945643602 | ||
| 020 | _a9789945643619 (digital) | ||
| 040 |
_aDO-SdBNP _bspa _cBNPHU |
||
| 082 |
_bS225c _222 |
||
| 111 | 1 |
_aCátedra Hermanas Mirabal _d(25 de noviembre del 2021: _cProvincia Hermanas Mirabal ) _955964 |
|
| 245 | 1 | 4 |
_aConferencia : _bEl ejemplo, el mito y los desafíos de la mujer en el presente / _cMu-kien Adriana Sang Ben |
| 264 |
_aSanto Domingo : _bTribunal Constitucional, _c2022 |
||
| 300 |
_a31 paginas ; _c22 cm. |
||
| 336 |
_2rdacontent _atexto _btxt |
||
| 337 |
_2rdamedia _asin mediación _bn |
||
| 338 |
_2rdacarrier _avolumen _bnc |
||
| 590 | _aInventariado, 2023 / DG | ||
| 910 | _aDG | ||
| 942 |
_2ddc _cLF2 |
||
| 999 |
_c53785 _d53785 |
||